|
|
|
|
| LEADER |
00000nam a22000005a 4500 |
| 001 |
3775 |
| 003 |
CL-ChBUA |
| 005 |
20120815102835.0 |
| 008 |
070301s1987 sp 000 0dspa |
| 020 |
|
|
|a 8475093973
|
| 040 |
|
|
|a CL-ChBUA
|c CL-ChBUA
|
| 082 |
0 |
0 |
|a 371.307
|
| 090 |
|
|
|c 3775
|d 3775
|
| 100 |
1 |
|
|a Chadwick, Clifton B.
|
| 245 |
1 |
0 |
|a Tecnología educacional para el docente
|
| 260 |
|
|
|b Paidós.
|c 1987.
|
| 300 |
|
|
|a 177 p.
|c 22 cm.
|
| 504 |
|
|
|a Bibl., índice.
|
| 650 |
|
4 |
|a TECNOLOGIA - ENSEÑANZA.
|
| 942 |
|
|
|c LIB
|
| 952 |
|
|
|0 0
|1 0
|2 ddc
|4 0
|6 371_307000000000000_8_CH_432__C_1
|7 0
|9 5563
|a UNACH
|b UNACH
|c 300
|d 2007-03-05
|i 21.403
|l 1
|o 371.307 8 / Ch 432. c.1
|p 6562
|r 2016-10-24 00:00:00
|s 2012-08-30
|u 5563
|w 2012-08-08
|y LIB
|
| 999 |
|
|
|c 3775
|d 3775
|